| 000 | 00709nam a22002297a 4500 | ||
|---|---|---|---|
| 005 | 20251108172515.0 | ||
| 008 | 250721s9999 xx 000 0 ara d | ||
| 082 | 1 | 4 | _a333.79برا |
| 100 | 1 | _aبرادعي، زكريا أحمد | |
| 245 | 1 | 0 | _aإنسان و الطاقة / |
| 264 | 1 |
_aالقاهرة : _bالهيئة المصرية العامة للكتاب، |
|
| 300 | _a2ج | ||
| 490 | 0 | _aسلسلة العلم و الحياة;110 | |
| 650 | 1 | 7 | _aالطاقة |
| 650 | 1 | 7 | _aالطاقة الشمسية |
| 650 | 1 | 7 | _aالقوة المائية |
| 650 | 1 | 7 | _aطاقةالرياح |
| 650 | 1 | 7 | _aتكنولوجيا الطاقة |
| 653 | _aالإنسان | ||
| 942 |
_2ddc _cBK |
||
| 999 |
_c81119 _d81119 |
||